| 000 | 00877nam a22002657a 4500 | ||
|---|---|---|---|
| 005 | 20140502105315.0 | ||
| 010 | _aENG-109653 | ||
| 020 |
_c595.00 _a9781259097409 |
||
| 020 |
_c595.00 _a1259097404 |
||
| 035 | _aEN-93186 | ||
| 037 | _bDBAD/PUB | ||
| 082 | _a658.5 | ||
| 245 | 0 | 0 |
_aManaging operations across the supply chain / _cby Morgan Swink...[et al] |
| 250 | _a2nd ed | ||
| 260 |
_aNew Delhi _bMcGraw Hill Education _c2014 |
||
| 270 |
_aP-24, Green Park Extn. _bNew Delhi _e110016 |
||
| 300 |
_axxxii,603p. : _c29cm(pbk) _bill. |
||
| 490 | _aThe McGraw-Hill/Irwin series in operations and decision sciences | ||
| 500 | _aIncludes bibliographical references and indexes. | ||
| 650 | _aBusiness logistics | ||
| 650 | _aProduction management. | ||
| 650 | _a Industrial management. | ||
| 700 | _aSwink, Morgan | ||
| 942 |
_2ddc _cEN _mMAN _h658.5 |
||
| 999 |
_c83278 _d83278 |
||